| 000 | 01087cam a2200313 a 4500 | ||
|---|---|---|---|
| 999 |
_c71822 _d71822 |
||
| 003 | BJBSDDR | ||
| 005 | 20230410124136.0 | ||
| 007 | ta | ||
| 008 | 850506s1985 utua b 001 0 eng | ||
| 020 | _a0879052023 (pbk.) : | ||
| 035 | _a1442098 | ||
| 040 |
_aDLC _cDLC _bspa |
||
| 041 | _aspa | ||
| 043 | _an-us-ca | ||
| 050 | 1 | 4 |
_aNA 735 _bG946 1985 |
| 082 | 0 | 0 |
_a917.94/0453 _219 |
| 245 | 0 | 4 |
_aThe Guide to architecture in San Francisco and northern California / _cDavid Gebhard ... [et al.]. |
| 250 |
_aRev. ed. / _bby David Gebhard, Eric Sandweiss, Robert Winter. |
||
| 260 |
_aSalt Lake City : _bPeregrine Smith Books, _c1985. |
||
| 300 |
_a608 p. : _bill. ; _c26 x 12 cm. |
||
| 500 | _aIncludes index. | ||
| 504 | _aBibliography: p. 584-592. | ||
| 650 | 0 |
_aArchitecture _zCalifornia _zSan Francisco _xGuidebooks. |
|
| 650 | 4 |
_aArquitectura _zCalifornia _zSan Francisco _xGuĂas. _94309 |
|
| 650 | 0 |
_aArchitecture _zCalifornia, Northern _xGuidebooks. |
|
| 700 | 1 |
_aGebhard, David. _920196 |
|
| 740 | 0 | _aArchitecture in San Francisco and Northern California. | |
| 942 |
_2lcc _cBK |
||